Rhodotorula glutinis ako model štúdia biosyntézy karotenoidných pigmentov bakalárska práca

Enregistré dans:
Détails bibliographiques
Auteur principal: Čaplová, Júlia
Format: Livre
Langue:slovaque
Publié: Bratislava STU FCHPT 2014
Accès en ligne:Voir à l'OPAC
Tags: Ajouter un tag
Pas de tags, Soyez le premier à ajouter un tag!

MARC

LEADER 00000nam a2200000 a 4500
005 20260127134117.0
008 140821 2014 000 0 slo d
035 |a vtls010615636 
039 9 |y 201408211141  |z mschk03 
040 |a STUSCHK1  |b slo  |c STUSCHK1  |e AACR2 
100 1 |a Čaplová, Júlia 
245 1 |a Rhodotorula glutinis ako model štúdia biosyntézy karotenoidných pigmentov  |b bakalárska práca  |c Júlia Čaplová 
260 |a Bratislava  |b STU FCHPT  |c 2014 
300 |a 45 s.  |b Obr.  |c 30 cm 
500 |a Obhájené: 14.7.2014 
500 |a Štud. program: biotechnológia a potravinárska technológia 
500 |a Štud. odbor: biotechnologie 
500 |a Škol. pracovisko: Odd. biochemickej technológie 
500 |a Evid. číslo: FCHPT-13567-42661 
910 |a SCHK95 
999 |c 4301  |d 4301